[Event "SRB-chT2 West CS"]
[Site "Serbia"]
[Date "2016.10.08"]
[Round "10.3"]
[White "Tadic, Dragan"]
[Black "Civric, Zdravko"]
[Result "0-1"]
[WhiteElo "1994"]
[BlackElo "2185"]
[PlyCount "106"]
[EventDate "2016.09.04"]
[EventType "team-tourn"]
[EventRounds "11"]
[EventCountry "SRB"]
[SourceTitle "EXT 2018"]
[Source "ChessBase"]
[SourceDate "2017.10.13"]
[SourceVersion "1"]
[SourceVersionDate "2017.10.13"]
[SourceQuality "1"]

1. e4 c5 2. g3 Nc6 3. Bg2 g6 4. d3 Bg7 5. Ne2 e6 6. c4 Nge7 7. Nbc3 0-0 8. Be3 Nd4 9. 0-0 Nec6 10. Rb1 b6 11. Qd2 Re8 12. Bh6 Bh8 13. h4 Bb7 14. Nf4 Ne5 15. Qd1 d6 16. Nh3 Qd7 17. Be3 Nec6 18. Bxd4 Nxd4 19. h5 b5 20. b3 b4 21. Ne2 a5 22. hxg6 hxg6 23. Nxd4 Bxd4 24. Qg4 a4 25. Ng5 axb3 26. axb3 Kg7 27. Nf3 Bc3 28. Nh4 Rh8 29. Bf3 Rh5 30. Qf4 Rh6 31. Bg2 Rah8 32. Nf3 Qe7 33. Rfd1 e5 34. Qg5 Qxg5 35. Nxg5 Ra8 36. Bf1 Ra2 37. Nf3 Bc8 38. Bg2 Bg4 39. Rf1 Rh8 40. Rfc1 Bxf3 41. Bxf3 Bd4 42. Rf1 Rha8 43. Bg4 Rd2 44. Bd7 Raa2 45. Kg2 Bxf2 46. Rfd1 Bd4+ 47. Kh3 Rh2+ 48. Kg4 Rhg2 49. Kh3 Kh6 50. Rh1 Kg5 51. Rbf1 f6 52. Bg4 Rgd2 53. Bd7 Ra7 0-1

[Event "SRB-chT2 West"]
[Site "Sabac"]
[Date "2014.09.28"]
[Round "6.6"]
[White "Simic, Goran S"]
[Black "Civric, Zdravko"]
[Result "0-1"]
[WhiteElo "2099"]
[BlackElo "2211"]
[PlyCount "94"]
[EventDate "2014.09.25"]
[EventType "team-swiss"]
[EventRounds "6"]
[EventCountry "SRB"]
[SourceTitle "EXT 2015"]
[Source "ChessBase"]
[SourceDate "2014.11.20"]
[SourceVersion "1"]
[SourceVersionDate "2014.11.20"]
[SourceQuality "1"]

1. d4 Nf6 2. Nf3 e6 3. e3 c5 4. Bd3 Nc6 5. 0-0 Be7 6. b3 0-0 7. Bb2 cxd4 8. exd4 Qc7 9. a3 b6 10. Nbd2 Bb7 11. Qe2 Rfe8 12. Rfe1 Rac8 13. Rac1 d5 14. Ne5 Bd6 15. f4 Ne7 16. g4 Ng6 17. Rf1 Qe7 18. a4 Bb4 19. h3 Red8 20. g5 Ne4 21. Nxg6 hxg6 22. Nxe4 dxe4 23. Bxe4 Bc3 24. Bxc3 Rxc3 25. Rf3 Rdc8 26. Rxc3 Rxc3 27. Bxb7 Qxb7 28. Qg2 Qc7 29. Qe4 a5 30. Kg2 Rxb3 31. cxb3 Qxc1 32. Qf3 Qd2+ 33. Kg3 Qxd4 34. h4 e5 35. fxe5 Qxe5+ 36. Kg2 Qf5 37. Qg3 Kh7 38. Kh2 Qc2+ 39. Kh3 Qe2 40. Qc3 Qf2 41. Qc4 Qf5+ 42. Kg3 Qe5+ 43. Kg2 f5 44. Kh3 Qe3+ 45. Kg2 f4 46. Qb5 Qg3+ 47. Kf1 f3 0-1

[Event "SRB-chT2 West"]
[Site "Sabac"]
[Date "2014.09.27"]
[Round "4.5"]
[White "Vojinovic, Luka"]
[Black "Civric, Zdravko"]
[Result "1-0"]
[WhiteElo "2047"]
[BlackElo "2211"]
[PlyCount "111"]
[EventDate "2014.09.25"]
[EventType "team-swiss"]
[EventRounds "6"]
[EventCountry "SRB"]
[SourceTitle "EXT 2015"]
[Source "ChessBase"]
[SourceDate "2014.11.20"]
[SourceVersion "1"]
[SourceVersionDate "2014.11.20"]
[SourceQuality "1"]

1. d4 Nf6 2. Bg5 e6 3. Nd2 d5 4. e3 Be7 5. Bd3 Nbd7 6. f4 c5 7. c3 Qb6 8. Rb1 Qa5 9. a3 b5 10. b4 cxb4 11. axb4 Qc7 12. Rc1 a6 13. Ngf3 Nb6 14. Nb3 Nc4 15. Qe2 Ng4 16. Bxe7 Qxe7 17. Bxc4 dxc4 18. Nc5 Nf6 19. e4 Nd7 20. 0-0 0-0 21. Rfd1 a5 22. Qf2 axb4 23. cxb4 Nf6 24. Ra1 Bb7 25. Qc2 Rxa1 26. Rxa1 Ra8 27. Ra5 Rxa5 28. bxa5 Qc7 29. Qb1 h6 30. a6 Bxa6 31. Nxa6 Qxf4 32. Qe1 Nxe4 33. Nc5 Nf6 34. Qd2 Qf5 35. Qb2 Nd5 36. Qxb5 c3 37. Qd3 Qf4 38. Nb3 Qc7 39. Ne5 Nb4 40. Qc4 Nd5 41. Qxc7 Nxc7 42. Kf2 Nd5 43. g3 f6 44. Nc4 g5 45. Ke2 g4 46. Ne3 Nxe3 47. Kxe3 h5 48. Kd3 Kf7 49. Kxc3 Kg6 50. Kd3 Kf5 51. Ke3 Kg5 52. Nc5 Kf5 53. Ne4 Kg6 54. Kf4 Kf7 55. Nc3 Kg6 56. d5 1-0

[Event "SRB-chT2 West"]
[Site "Sabac"]
[Date "2014.09.26"]
[Round "2.1"]
[White "Civric, Zdravko"]
[Black "Sevic, Slobodan"]
[Result "1-0"]
[WhiteElo "2211"]
[BlackElo "2178"]
[PlyCount "43"]
[EventDate "2014.09.25"]
[EventType "team-swiss"]
[EventRounds "6"]
[EventCountry "SRB"]
[SourceTitle "EXT 2015"]
[Source "ChessBase"]
[SourceDate "2014.11.20"]
[SourceVersion "1"]
[SourceVersionDate "2014.11.20"]
[SourceQuality "1"]

1. e4 c5 2. Nf3 d6 3. d4 cxd4 4. Nxd4 Nf6 5. Nc3 g6 6. f3 Bg7 7. Be3 Nc6 8. Qd2 0-0 9. h4 Qa5 10. Nb3 Qd8 11. 0-0-0 Be6 12. Bh6 Ne5 13. Be2 Nc4 14. Bxc4 Bxc4 15. h5 Qc8 16. g4 a5 17. Bxg7 Kxg7 18. hxg6 fxg6 19. Qh6+ Kg8 20. g5 Nh5 21. Rxh5 gxh5 22. g6 1-0

[Event "SRB-chT2 West"]
[Site "Sabac"]
[Date "2014.09.25"]
[Round "1.5"]
[White "Brajovic, Miroljub"]
[Black "Civric, Zdravko"]
[Result "0-1"]
[WhiteElo "2130"]
[BlackElo "2211"]
[PlyCount "88"]
[EventDate "2014.09.25"]
[EventType "team-swiss"]
[EventRounds "6"]
[EventCountry "SRB"]
[SourceTitle "EXT 2015"]
[Source "ChessBase"]
[SourceDate "2014.11.20"]
[SourceVersion "1"]
[SourceVersionDate "2014.11.20"]
[SourceQuality "1"]

1. e4 c5 2. c3 Nf6 3. e5 Nd5 4. d4 cxd4 5. cxd4 e6 6. Nf3 Be7 7. Nc3 Nxc3 8. bxc3 d6 9. Bd3 dxe5 10. Nxe5 Nd7 11. f4 Qa5 12. Bd2 Bh4+ 13. g3 Qd5 14. 0-0 Bf6 15. Qe2 0-0 16. Be4 Qd6 17. g4 g6 18. Rf3 Rd8 19. Be3 Rb8 20. Rh3 Nf8 21. g5 Bxe5 22. fxe5 Qc7 23. Bd2 b5 24. Rf3 Bd7 25. h4 Bc6 26. h5 b4 27. Raf1 Bb5 28. Bd3 bxc3 29. Bc1 Bxd3 30. Qxd3 Rb7 31. Qe4 Qb6 32. Be3 Rc7 33. Qf4 Qb4 34. Qf6 Qe7 35. Qf4 gxh5 36. Qh4 c2 37. Qxh5 Rxd4 38. Rf6 Re4 39. Qf3 Rxe5 40. Bc1 Qc5+ 41. Kh2 Rf5 42. Rxf5 Qxf5 43. Qg2 Qe5+ 44. Kh1 Ng6 0-1

[Event "SRB-chT2 West"]
[Site "Vrnjacka Banja"]
[Date "2013.10.12"]
[Round "5"]
[White "Civric, Zdravko"]
[Black "Djokovic, Nebojsa"]
[Result "1-0"]
[WhiteElo "2181"]
[BlackElo "2129"]
[PlyCount "67"]
[EventDate "2013.10.10"]
[EventType "team-tourn"]
[EventRounds "8"]
[EventCountry "SRB"]
[SourceTitle "EXT 2014"]
[Source "ChessBase"]
[SourceDate "2013.11.20"]
[SourceVersion "1"]
[SourceVersionDate "2013.11.20"]
[SourceQuality "1"]

1. d4 d5 2. Bf4 e6 3. e3 Bd6 4. Bg3 h5 5. Nf3 h4 6. Bxd6 Qxd6 7. Nbd2 Nf6 8. Ne5 Nbd7 9. f4 c5 10. c3 cxd4 11. exd4 Qb6 12. Rb1 Nf8 13. Bd3 N6d7 14. Qg4 Nxe5 15. fxe5 g6 16. 0-0 Bd7 17. Nf3 0-0-0 18. Qf4 Be8 19. Rf2 Nd7 20. Nxh4 Qa5 21. a3 Nb6 22. Nf3 Bb5 23. Bxb5 Qxb5 24. Qxf7 Nc4 25. Qxe6+ Kb8 26. Qxg6 Ne3 27. Qg5 Qd3 28. Re1 Nc4 29. e6 Rhg8 30. e7 Rde8 31. Qxd5 a6 32. Ne5 Nxe5 33. Qxe5+ Ka8 34. d5 1-0

[Event "SRB-chT"]
[Site "Vrnjacka Banja"]
[Date "2012.10.05"]
[Round "9.2"]
[White "Civric, Zdravko"]
[Black "Ignjatovic, Predrag"]
[Result "0-1"]
[WhiteElo "2215"]
[BlackElo "2294"]
[PlyCount "70"]
[EventDate "2012.09.29"]
[EventType "team-tourn"]
[EventRounds "11"]
[EventCountry "SRB"]
[SourceTitle "CBM 150 Extra"]
[Source "ChessBase"]
[SourceDate "2012.10.19"]
[SourceVersion "1"]
[SourceVersionDate "2012.10.19"]
[SourceQuality "1"]
[WhiteTeam "Uzice Sloboda"]
[BlackTeam "Vladimirci"]
[WhiteTeamCountry "SRB"]
[BlackTeamCountry "SRB"]

1. e4 e5 2. Nf3 Nc6 3. Bc4 Bc5 4. Nc3 Nf6 5. d3 d6 6. Bg5 h6 7. Bxf6 Qxf6 8. Nd5 Qd8 9. c3 a6 10. b4 Ba7 11. h3 0-0 12. 0-0 Kh8 13. Ne3 Be6 14. Bxe6 fxe6 15. Ng4 Qe8 16. a4 Qh5 17. Ne3 Rf4 18. Nh2 Qg6 19. Kh1 Raf8 20. Qe2 Ne7 21. g3 R4f6 22. Ra2 h5 23. h4 d5 24. Nd1 c6 25. exd5 Nf5 26. Ne3 Bxe3 27. g4 hxg4 28. Qxg4 Bf4 29. h5 Qh6 30. dxe6 Bxh2 31. Kxh2 Ne3 32. fxe3 Rxf1 33. Rg2 R1f5 34. e7 Rxh5+ 35. Kg3 Qxe3+ 0-1

[Event "SRB-chT Central"]
[Site "Kraljevo"]
[Date "2011.09.21"]
[Round "7"]
[White "Civric, Zdravko"]
[Black "Djokic, Nenad"]
[Result "0-1"]
[WhiteElo "2203"]
[BlackElo "2362"]
[PlyCount "128"]
[EventDate "2011.09.17"]
[EventType "team-tourn"]
[EventRounds "11"]
[EventCountry "SRB"]
[SourceTitle "CBM 144 Extra"]
[Source "ChessBase"]
[SourceDate "2011.10.28"]
[SourceVersion "1"]
[SourceVersionDate "2011.10.28"]
[SourceQuality "1"]
[WhiteTeam "Sloboda"]
[BlackTeam "Jasenica"]
[WhiteTeamCountry "YUG"]
[BlackTeamCountry "YUG"]

1. d4 Nf6 2. Bg5 Ne4 3. Bf4 c5 4. d5 d6 5. f3 Nf6 6. e4 g6 7. Qd2 h6 8. Bd3 Bg7 9. Nc3 a6 10. a4 b6 11. Nge2 Qc7 12. Bc4 Nbd7 13. Ng3 h5 14. h4 Ne5 15. Be2 Bd7 16. Nf1 Ng8 17. Ne3 Bh6 18. Bxh6 Nxh6 19. Nc4 Nxc4 20. Bxc4 f6 21. 0-0 Nf7 22. Qe2 Qc8 23. f4 Kf8 24. Ra3 Bg4 25. Qd3 Kg7 26. Rb3 Qb7 27. Nd1 Rhb8 28. Nc3 Qc8 29. Ra3 Bd7 30. Raa1 Qb7 31. Qg3 Bg4 32. Rae1 Qc7 33. Qd3 Bd7 34. Bxa6 Bxa4 35. Nxa4 c4 36. Bxc4 Rxa4 37. Bb3 Ra5 38. Rf3 Rba8 39. Rff1 Qc5+ 40. Qe3 Nh6 41. Qxc5 bxc5 42. Rb1 Ng4 43. Rfe1 g5 44. g3 gxf4 45. gxf4 Kf7 46. Kf1 Rb8 47. Bc4 Rb4 48. b3 Ra2 49. Bd3 f5 50. Kg2 c4 51. bxc4 Rxb1 52. Rxb1 fxe4 53. Bxe4 Ne3+ 54. Kf3 Nxc4 55. Ke2 Na3 56. Rc1 Nb5 57. Kd3 Nc7 58. Rb1 Na6 59. Bf3 Nc5+ 60. Kd2 Ra4 61. Bxh5+ Kf6 62. Rf1 Ne4+ 63. Ke3 Ng3 64. Rg1 Nxh5 0-1

[Event "SRB-chT Central"]
[Site "Kraljevo"]
[Date "2011.09.19"]
[Round "4"]
[White "Civric, Zdravko"]
[Black "Kojovic, Dragan"]
[Result "1/2-1/2"]
[WhiteElo "2203"]
[BlackElo "2367"]
[PlyCount "69"]
[EventDate "2011.09.17"]
[EventType "team-tourn"]
[EventRounds "11"]
[EventCountry "SRB"]
[SourceTitle "CBM 144 Extra"]
[Source "ChessBase"]
[SourceDate "2011.10.28"]
[SourceVersion "1"]
[SourceVersionDate "2011.10.28"]
[SourceQuality "1"]
[WhiteTeam "Sloboda"]
[BlackTeam "Metalac"]
[WhiteTeamCountry "YUG"]
[BlackTeamCountry "YUG"]

1. e4 c5 2. Nf3 d6 3. d4 cxd4 4. Nxd4 Nf6 5. Nc3 a6 6. Be2 e5 7. Nb3 Be7 8. 0-0 Be6 9. Bf3 Nbd7 10. Re1 Rc8 11. Bg5 h6 12. Bxf6 Nxf6 13. Nd2 0-0 14. Nf1 b5 15. a3 Rc5 16. Ne3 Qc8 17. Re2 a5 18. Rd2 b4 19. Na4 Rc6 20. c4 bxc3 21. Nxc3 Qb8 22. Qa4 Rc5 23. Ncd5 Bxd5 24. exd5 Rfc8 25. b4 axb4 26. axb4 Rc1+ 27. Rd1 Rxd1+ 28. Rxd1 g6 29. h3 h5 30. Rb1 Bd8 31. Qa6 Qc7 32. Qd3 Qe7 33. Qa6 Qc7 34. Qd3 Qe7 35. Qa6 1/2-1/2

[Event "SRB-chT 1st League"]
[Site "Valjevo"]
[Date "2010.09.26"]
[Round "11"]
[White "Civric, Zdravko"]
[Black "Vuckovic, Branko"]
[Result "0-1"]
[WhiteElo "2204"]
[BlackElo "2243"]
[PlyCount "90"]
[EventDate "2010.09.18"]
[EventType "team"]
[EventRounds "11"]
[EventCountry "SRB"]
[SourceTitle "CBM 138 Extra"]
[Source "ChessBase"]
[SourceDate "2010.10.29"]
[SourceVersion "1"]
[SourceVersionDate "2010.10.29"]
[SourceQuality "1"]

1. d4 d5 2. Bf4 Nf6 3. e3 Bg4 4. f3 Bh5 5. g4 Bg6 6. h4 h5 7. g5 Ng8 8. Bd3 Bxd3 9. Qxd3 c6 10. g6 f6 11. Bxb8 Qxb8 12. Ne2 Qd6 13. Nd2 0-0-0 14. 0-0-0 e6 15. Kb1 Qd7 16. c4 Bd6 17. c5 Bc7 18. b4 Ne7 19. Ka1 Rh6 20. b5 cxb5 21. Rb1 a6 22. c6 Nxc6 23. Rhc1 Qe8 24. Nb3 Bb6 25. Nc5 Bxc5 26. Rxc5 Kd7 27. Nf4 Ke7 28. Re1 Kf8 29. e4 dxe4 30. Rxe4 e5 31. d5 Kg8 32. Ne6 Qxe6 33. dxe6 Rxd3 34. Rxc6 Rd8 35. e7 Re8 36. Rc7 Rxg6 37. Rxb7 Kf7 38. Ra7 Rxe7 39. Rxa6 Rc7 40. Kb2 Rg2+ 41. Kb3 Rcc2 42. a4 bxa4+ 43. Raxa4 Rcf2 44. f4 Rg3+ 45. Kc4 Rxf4 0-1

[Event "SRB-chT 1st League"]
[Site "Valjevo"]
[Date "2010.09.24"]
[Round "9"]
[White "Civric, Zdravko"]
[Black "Toth, Aleksandar"]
[Result "1/2-1/2"]
[WhiteElo "2204"]
[BlackElo "2306"]
[PlyCount "58"]
[EventDate "2010.09.18"]
[EventType "team"]
[EventRounds "11"]
[EventCountry "SRB"]
[SourceTitle "CBM 138 Extra"]
[Source "ChessBase"]
[SourceDate "2010.10.29"]
[SourceVersion "1"]
[SourceVersionDate "2010.10.29"]
[SourceQuality "1"]

1. d4 d5 2. Bf4 Nf6 3. e3 c5 4. c3 Nbd7 5. Nd2 g6 6. h3 Bg7 7. Ngf3 0-0 8. Bd3 b6 9. 0-0 Bb7 10. Qc2 Re8 11. Bh2 a6 12. Rac1 Rc8 13. Qb1 e6 14. Rfe1 Qe7 15. Rcd1 b5 16. b4 cxb4 17. cxb4 Nb6 18. a3 Nc4 19. Qa1 Nd7 20. Nb3 Red8 21. Ne5 Ndb6 22. Nc5 f6 23. Nf3 Bc6 24. Bg3 Nd7 25. Rb1 Nxc5 26. bxc5 Qb7 27. Qc3 Qa8 28. Rbd1 Re8 29. Nd2 Rcd8 1/2-1/2

[Event "SRB-chT 1st League"]
[Site "Valjevo"]
[Date "2010.09.20"]
[Round "4"]
[White "Cvetanovic, Uros"]
[Black "Civric, Zdravko"]
[Result "0-1"]
[WhiteElo "2206"]
[BlackElo "2204"]
[PlyCount "90"]
[EventDate "2010.09.18"]
[EventType "team"]
[EventRounds "11"]
[EventCountry "SRB"]
[SourceTitle "CBM 138 Extra"]
[Source "ChessBase"]
[SourceDate "2010.10.29"]
[SourceVersion "1"]
[SourceVersionDate "2010.10.29"]
[SourceQuality "1"]

1. e4 c5 2. Nf3 Nc6 3. d4 cxd4 4. Nxd4 Qb6 5. Nb3 Nf6 6. Nc3 e6 7. Bd3 Be7 8. Be3 Qc7 9. f4 d6 10. 0-0 a6 11. Qf3 Rb8 12. a4 b6 13. Rae1 Nb4 14. g4 0-0 15. Qg3 Nxd3 16. cxd3 b5 17. axb5 axb5 18. Rc1 Qd7 19. f5 b4 20. Ne2 e5 21. Rf3 Ba6 22. Bf2 Nxe4 23. dxe4 Bxe2 24. Re3 Bb5 25. g5 f6 26. g6 h6 27. Rd1 Qc7 28. Ree1 Rfc8 29. Rd2 Qc4 30. Nc1 Bc6 31. Qh4 d5 32. b3 Qc3 33. Rd3 Qc2 34. exd5 Bb5 35. Rf3 Rc3 36. Qg4 Rd8 37. Be3 Bc5 38. Bxc5 Rxf3 39. Qxf3 Qxc5+ 40. Kg2 Rxd5 41. Qf2 Rd4 42. h3 Bc6+ 43. Kh2 Qd5 44. Re2 Qh1+ 45. Kg3 Qxc1 0-1

[Event "SRB-chT 1st League"]
[Site "Valjevo"]
[Date "2010.09.19"]
[Round "2"]
[White "Lazic, Dragoljub"]
[Black "Civric, Zdravko"]
[Result "1-0"]
[WhiteElo "2319"]
[BlackElo "2204"]
[PlyCount "105"]
[EventDate "2010.09.18"]
[EventType "team"]
[EventRounds "11"]
[EventCountry "SRB"]
[SourceTitle "CBM 138 Extra"]
[Source "ChessBase"]
[SourceDate "2010.10.29"]
[SourceVersion "1"]
[SourceVersionDate "2010.10.29"]
[SourceQuality "1"]

1. e4 c5 2. Nf3 Nc6 3. d4 cxd4 4. Nxd4 Nf6 5. Nc3 e5 6. Ndb5 d6 7. Bg5 a6 8. Na3 b5 9. Nd5 Be7 10. Bxf6 Bxf6 11. c3 Bg5 12. Nc2 0-0 13. a4 Rb8 14. axb5 axb5 15. Bd3 f5 16. Qe2 Ne7 17. Nxe7+ Qxe7 18. Nb4 Bb7 19. 0-0 fxe4 20. Bxe4 Rf4 21. Bd5+ Bxd5 22. Nxd5 Qf7 23. Nxf4 Qxf4 24. g3 Qc4 25. Qh5 Bf6 26. Rfd1 d5 27. Ra7 d4 28. cxd4 exd4 29. Rb7 Rf8 30. Qxb5 Qc2 31. Qb3+ Qxb3 32. Rxb3 Kf7 33. Rb6 Rc8 34. Rd2 Rc1+ 35. Kg2 Rb1 36. h4 Re1 37. Kf3 Rb1 38. h5 Ke7 39. Re2+ Kd7 40. h6 d3 41. Rd2 Kc7 42. Ra6 Kc8 43. hxg7 Bxg7 44. Ra7 Bxb2 45. Rxh7 Bd4 46. Rxd3 Bb6 47. Kg2 Rb2 48. Rf3 Bc5 49. Rc3 Rxf2+ 50. Kh3 Rf5 51. Kg4 Rd5 52. Rh5 Rd4+ 53. Kh3 1-0

[Event "SRB-chT Cup"]
[Site "Kragujevac"]
[Date "2010.05.23"]
[Round "6"]
[White "Katanic Vujic, Petar"]
[Black "Civric, Zdravko"]
[Result "1/2-1/2"]
[WhiteElo "2332"]
[BlackElo "2203"]
[PlyCount "110"]
[EventDate "2010.05.18"]
[EventType "team-tourn"]
[EventRounds "7"]
[EventCountry "YUG"]
[SourceTitle "CBM 136 Extra"]
[Source "ChessBase"]
[SourceDate "2010.07.02"]
[SourceVersion "2"]
[SourceVersionDate "2010.07.15"]
[SourceQuality "1"]

1. Nf3 Nf6 2. c4 g6 3. Nc3 d5 4. cxd5 Nxd5 5. Qa4+ Bd7 6. Qh4 Nf6 7. e4 Bg7 8. d4 h6 9. Ne5 c5 10. Bc4 e6 11. Nxd7 Nbxd7 12. dxc5 Qa5 13. 0-0 Qxc5 14. Be2 h5 15. Rd1 a6 16. Be3 Qa5 17. a3 0-0 18. b4 Qc7 19. Rac1 Rac8 20. Nd5 Qb8 21. Ne7+ Kh7 22. Nxc8 Rxc8 23. Rxc8 Qxc8 24. Rc1 Qb8 25. f3 Bh6 26. Qf2 Bxe3 27. Qxe3 Qe5 28. Qc3 Qf4 29. g3 Qd6 30. Rd1 Qb6+ 31. Qd4 Qc7 32. Qd6 Qc2 33. Kf2 Qb2 34. a4 Kg7 35. Qd4 Qc2 36. a5 e5 37. Qc4 Qb2 38. b5 Qa3 39. Qc7 axb5 40. Rxd7 Nxd7 41. Qxd7 Qxa5 42. Qxb5 Qc7 43. Qc4 Qb6+ 44. Kg2 g5 45. Qc3 Qd6 46. Bc4 Qc7 47. Qb3 h4 48. Bd5 b6 49. Qc4 Qd7 50. Qc6 h3+ 51. Kf2 Qe7 52. Qxb6 Qa3 53. Qb7 Qc5+ 54. Ke2 Qc2+ 55. Ke3 Qc3+ 1/2-1/2

[Event "SRB-chT Cup"]
[Site "Kragujevac"]
[Date "2010.05.19"]
[Round "2"]
[White "Dedijer, Zarko"]
[Black "Civric, Zdravko"]
[Result "0-1"]
[WhiteElo "1999"]
[BlackElo "2203"]
[PlyCount "54"]
[EventDate "2010.05.18"]
[EventType "team-tourn"]
[EventRounds "7"]
[EventCountry "YUG"]
[SourceTitle "CBM 136 Extra"]
[Source "ChessBase"]
[SourceDate "2010.07.02"]
[SourceVersion "2"]
[SourceVersionDate "2010.07.15"]
[SourceQuality "1"]

1. d4 Nf6 2. Nf3 g6 3. Bf4 Bg7 4. e3 0-0 5. Nbd2 d5 6. h3 Nbd7 7. Be2 c5 8. c3 Re8 9. Ne5 Nxe5 10. Bxe5 cxd4 11. exd4 Bf5 12. 0-0 Bh6 13. g4 Bd7 14. f3 Bc6 15. Bg3 Qb6 16. h4 Qxb2 17. g5 Nh5 18. Bh2 Bg7 19. Rc1 e5 20. Rc2 Qb6 21. Nb3 Ba4 22. Rd2 Rac8 23. Qa1 Bxb3 24. Rb1 exd4 25. Rxd4 Bxd4+ 26. cxd4 Rxe2 27. Rxb3 Qxd4+ 0-1

[Event "SRB-chT Cup"]
[Site "Kragujevac"]
[Date "2010.05.18"]
[Round "1"]
[White "Civric, Zdravko"]
[Black "Pap, Misa"]
[Result "0-1"]
[WhiteElo "2203"]
[BlackElo "2504"]
[PlyCount "71"]
[EventDate "2010.05.18"]
[EventType "team-tourn"]
[EventRounds "7"]
[EventCountry "YUG"]
[SourceTitle "CBM 136 Extra"]
[Source "ChessBase"]
[SourceDate "2010.07.02"]
[SourceVersion "2"]
[SourceVersionDate "2010.07.15"]
[SourceQuality "1"]

1. e4 c5 2. b4 cxb4 3. a3 e5 4. axb4 Bxb4 5. c3 Be7 6. Nf3 d6 7. Bc4 Nf6 8. d3 0-0 9. 0-0 Nc6 10. Nbd2 Rb8 11. Re1 a6 12. d4 exd4 13. cxd4 d5 14. exd5 Nxd5 15. Ne4 Bf5 16. Qb3 Nb6 17. d5 Na5 18. Rxa5 Nxc4 19. Ra1 Nd6 20. Nxd6 Bxd6 21. Bb2 Re8 22. Rxe8+ Qxe8 23. Qb6 Qd8 24. Qd4 Bf8 25. g4 Bd7 26. h4 Rc8 27. g5 Bb5 28. Ne5 f6 29. Ng4 Rc4 30. Qd1 fxg5 31. h5 h6 32. Rc1 Rxc1 33. Bxc1 Qe7 34. Ne3 Qe5 35. Ng4 Qe2 36. Ne3 0-1

[Event "EU-ch 11th"]
[Site "Rijeka"]
[Date "2010.03.16"]
[Round "10"]
[White "Buss, Ralph"]
[Black "Civric, Zdravko"]
[Result "1-0"]
[WhiteElo "2416"]
[BlackElo "2207"]
[PlyCount "121"]
[EventDate "2010.03.06"]
[EventType "swiss"]
[EventRounds "11"]
[EventCountry "CRO"]
[SourceTitle "CBM 136"]
[Source "ChessBase"]
[SourceDate "2010.05.18"]
[SourceVersion "1"]
[SourceVersionDate "2010.05.18"]
[SourceQuality "1"]

1. Nf3 c5 2. c4 g6 3. e4 Bg7 4. d4 cxd4 5. Nxd4 Nc6 6. Be3 Nf6 7. Nc3 d6 8. Be2 0-0 9. 0-0 Nxd4 10. Bxd4 Be6 11. Qd2 Qa5 12. Rad1 Rfc8 13. b3 Qd8 14. f4 Ne8 15. f5 Bd7 16. Bxg7 Kxg7 17. fxg6 hxg6 18. e5 Be6 19. Qf4 Qb6+ 20. Kh1 dxe5 21. Qxe5+ Nf6 22. Ne4 Qc7 23. Nd6 exd6 24. Qxf6+ Kg8 25. Rd4 Qd8 26. Qxd8+ Rxd8 27. Rfd1 Kf8 28. Bf3 Rab8 29. Rxd6 Rxd6 30. Rxd6 Ke7 31. Rd4 b6 32. Kg1 Kf6 33. Kf2 Ke5 34. Ke3 Rh8 35. h4 Rc8 36. Bd5 Rh8 37. Re4+ Kf6 38. Bxe6 fxe6 39. Rf4+ Ke7 40. g3 e5 41. Rf2 Ke6 42. b4 Rc8 43. Rc2 Kf5 44. c5 bxc5 45. bxc5 Rc7 46. c6 Ke6 47. Ke4 Kd6 48. g4 Ke6 49. h5 gxh5 50. gxh5 a5 51. a4 Kd6 52. h6 Ke6 53. h7 Rc8 54. Rh2 Rh8 55. Rh6+ Kf7 56. Kxe5 Kg7 57. Rh4 Re8+ 58. Kd6 Kh8 59. c7 Rf8 60. Kc6 Rf6+ 61. Kb7 1-0

[Event "EU-ch 11th"]
[Site "Rijeka"]
[Date "2010.03.15"]
[Round "9"]
[White "Civric, Zdravko"]
[Black "Platzgummer, Fabian"]
[Result "1-0"]
[WhiteElo "2207"]
[BlackElo "2383"]
[PlyCount "89"]
[EventDate "2010.03.06"]
[EventType "swiss"]
[EventRounds "11"]
[EventCountry "CRO"]
[SourceTitle "CBM 136"]
[Source "ChessBase"]
[SourceDate "2010.05.18"]
[SourceVersion "1"]
[SourceVersionDate "2010.05.18"]
[SourceQuality "1"]

1. e4 e5 2. Nf3 Nc6 3. Bc4 Bc5 4. b4 Bxb4 5. c3 Ba5 6. d4 exd4 7. 0-0 Nge7 8. e5 d5 9. exd6 cxd6 10. cxd4 d5 11. Bb3 0-0 12. Na3 Bg4 13. Bb2 Qd6 14. h3 Bh5 15. g4 Bg6 16. Ne5 a6 17. Nc2 b5 18. Ne3 Bc7 19. Rc1 f6 20. Bxd5+ Nxd5 21. Rxc6 Nxe3 22. fxe3 Qe7 23. Qb3+ Bf7 24. Ba3 Bxb3 25. Bxe7 Rfc8 26. axb3 fxe5 27. Rfc1 exd4 28. Rxc7 Rxc7 29. Rxc7 dxe3 30. Bc5 Re8 31. Re7 Rc8 32. Bxe3 Rc3 33. b4 Rc4 34. Bd2 Rc2 35. Be1 g6 36. Ra7 Rc6 37. Bf2 h5 38. Kg2 hxg4 39. hxg4 Rc4 40. Bc5 Rxg4+ 41. Kf3 Rc4 42. Rxa6 Kf7 43. Rb6 g5 44. Rxb5 Ke6 45. Rb8 1-0

[Event "EU-ch 11th"]
[Site "Rijeka"]
[Date "2010.03.12"]
[Round "7"]
[White "Civric, Zdravko"]
[Black "Dubrovic, Mihovil"]
[Result "1-0"]
[WhiteElo "2207"]
[BlackElo "1849"]
[PlyCount "109"]
[EventDate "2010.03.06"]
[EventType "swiss"]
[EventRounds "11"]
[EventCountry "CRO"]
[SourceTitle "CBM 136"]
[Source "ChessBase"]
[SourceDate "2010.05.18"]
[SourceVersion "1"]
[SourceVersionDate "2010.05.18"]
[SourceQuality "1"]

1. e4 e5 2. Nf3 Nc6 3. Bb5 Nge7 4. 0-0 d6 5. d4 Bd7 6. c3 Ng6 7. Be3 Be7 8. d5 Nb8 9. a4 0-0 10. Bd3 f5 11. exf5 Bxf5 12. Bxf5 Rxf5 13. Qd3 Rf8 14. Nbd2 Nf4 15. Bxf4 Rxf4 16. g3 Rf8 17. a5 Nd7 18. Ne4 h6 19. Kg2 Nf6 20. Nxf6+ Rxf6 21. Nd2 Qe8 22. Ne4 Rf8 23. b4 Qg6 24. c4 Rf4 25. f3 Rf7 26. Ra3 h5 27. Nc5 Qxd3 28. Nxd3 Raf8 29. Nf2 g5 30. h3 Kg7 31. g4 Rf4 32. Ne4 hxg4 33. hxg4 Rh8 34. Rc3 Rf7 35. Rh1 Rxh1 36. Kxh1 Rf8 37. c5 Kg6 38. Kg2 dxc5 39. bxc5 Rd8 40. a6 bxa6 41. d6 Bf8 42. Ra3 cxd6 43. Rxa6 Rd7 44. cxd6 Kf7 45. Nxg5+ Ke8 46. Ne4 Kd8 47. g5 Kc8 48. Kg3 Rb7 49. Kg4 Rb6 50. Rxb6 axb6 51. Kf5 b5 52. Ke6 b4 53. Nc5 Kd8 54. Nb7+ Kc8 55. d7+ 1-0

[Event "EU-ch 11th"]
[Site "Rijeka"]
[Date "2010.03.10"]
[Round "5"]
[White "Civric, Zdravko"]
[Black "Nakas, Spyridon"]
[Result "1-0"]
[WhiteElo "2207"]
[BlackElo "1934"]
[PlyCount "62"]
[EventDate "2010.03.06"]
[EventType "swiss"]
[EventRounds "11"]
[EventCountry "CRO"]
[SourceTitle "CBM 136"]
[Source "ChessBase"]
[SourceDate "2010.05.18"]
[SourceVersion "1"]
[SourceVersionDate "2010.05.18"]
[SourceQuality "1"]

1. d4 d5 2. Nf3 Nf6 3. c4 c6 4. Nc3 dxc4 5. a4 Bf5 6. Ne5 Nbd7 7. Nxc4 Qc7 8. g3 e5 9. dxe5 Nxe5 10. Bf4 Nfd7 11. Bg2 f6 12. 0-0 0-0-0 13. Ne3 Nc5 14. Ncd5 cxd5 15. Nxf5 Qd7 16. Nd4 g5 17. Be3 Nc4 18. Qc1 Kb8 19. b4 Ne4 20. b5 Rc8 21. a5 Bc5 22. a6 Nxe3 23. Qxe3 b6 24. Rfd1 Rhe8 25. Qb3 Bxd4 26. Rxd4 Re5 27. Bxe4 Rxe4 28. Rxe4 dxe4 29. Rd1 Qe8 30. Rd6 f5 31. Qb2 Qe7 1-0